Statistics for U.S. General Knowledge #40

Click here to take the quiz!

General Stats

  • This quiz has been taken 16,365 times
  • The average score is 11 of 20

Answer Stats

QuestionAnswer% Correct
Which two major airports are located in New York City?John F. Kennedy
94%
What breed of dog is most commonly associated with fire stations?Dalmatian
76%
Which two major airports are located in New York City?LaGuardia
75%
In what game show can you buy a vowel?Wheel of Fortune
71%
Which major American city is mostly below sea level?New Orleans
65%
What was the name of McDonald's extra large size that was discontinued in 2004?{Super} size
64%
What American city received cherry trees as a gift from the city of Tokyo in 1912?Washington D.C.
64%
Who is also known as "Dubya"?George W. Bush
63%
What boy band recorded "No Strings Attached", the #1 selling album in
the U.S. in the year 2000?
NSYNC
62%
What fictional character sings "It's not easy being green"?Kermit the Frog
60%
What is the name of the President's annual speech to Congress?The State of the Union
58%
Kokomo is a fictional tropical place invented by the Beach Boys. In which state
would you find an actual city named Kokomo?
Indiana
43%
Name a person who hosted the Oscars in the 1990s.Billy Crystal /
Whoopi Goldberg /
David Letterman
41%
Who was the creator of Poor Richard's Almanack?Ben Franklin
40%
What is the most populous city in northern Arizona?Flagstaff
38%
What team has defeated the Washington Generals thousands of times?Harlem Globetrotters
35%
In the term "Valley Girl", what valley is being referred to?San Fernando
34%
What American athlete describes himself as "Cablinasian", part Caucasian,
Black, American Indian, and Asian?
Tiger Woods
31%
Who was the anchor of NBC Nightly News from 1982–2004?Tom Brokaw
27%
What group of people did Jimmy Carter pardon en masse in 1977,
so long as they admitted to their crime?
Draft dodgers
21%

Score Distribution

Percentile by Number Answered

Percent of People with Each Score

Your Score History

You have not taken this quiz